[Event "25th European Teams Women"]
[Site "Batumi GEO"]
[Date "2025.10.07"]
[Round "3.10"]
[Board "2"]
[White "Van Foreest, Machteld"]
[Black "Nadzamova, Viktoria"]
[Result "1-0"]
[WhiteTitle "FM"]
[BlackTitle "WFM"]
[WhiteElo "2314"]
[BlackElo "2126"]
[WhiteTeam "Netherlands"]
[BlackTeam "Slovakia"]
[WhiteFideId "1051563"]
[BlackFideId "14943999"]
[EventDate "2025.10.05"]

1. e4 c5 2. Nf3 Nc6 3. Nc3 e5 4. Bc4 d6 5. d3 Be7 6. O-O Nf6 7. Bg5 O-O 8. Bxf6
Bxf6 9. Nd5 Be6 10. a4 g6 11. Ne3 Bg7 12. c3 Kh8 13. Qd2 Bh6 14. Qe2 Qd7 15. a5
Rab8 16. Bb5 f5 17. a6 bxa6 18. Bc4 f4 19. Bxe6 Qxe6 20. Nd5 a5 21. h3 Rb7 22.
Nh2 Rfb8 23. Rfb1 Bg5 24. Qc2 Bd8 25. Nf3 h6 26. Nd2 g5 27. f3 Ne7 28. Nxe7 Rxe7
29. Nc4 g4 30. hxg4 h5 31. Kf2 Rh7 32. Rh1 hxg4 33. Rxh7+ Kxh7 34. Rh1+ Kg7 35.
Qa4 Be7 36. Qc6 Rc8 37. Qb7 Rh8 38. Rxh8 Kxh8 39. fxg4 Qf6 40. Qd7 Qh4+ 41. Ke2
Bf8 42. Qf5 Kg7 43. Nd2 Qg3 44. Qg5+ Kh7 45. Qh5+ Bh6 46. Qh3 a4 47. Qxg3 fxg3
48. Nc4 Bc1 49. Kd1 Bxb2 50. Kc2 a3 51. Nxd6 Kg6 52. Nf5 Kg5 53. Nxg3 Kxg4 54.
Nf1 Kf4 55. Nd2 Kg3 56. Nc4 Kxg2 57. Nxe5 Kg3 58. Nd7 Kf4 59. Nxc5 Ke5 60. d4+
Kd6 61. Na4 Kc6 62. Kb1 1-0

[Event "25th European Teams Women"]
[Site "Batumi GEO"]
[Date "2025.10.07"]
[Round "3.10"]
[Board "3"]
[White "Bochnickova, Simona"]
[Black "Kazarian, Anna-Maja"]
[Result "1-0"]
[WhiteTitle "WFM"]
[BlackTitle "FM"]
[WhiteElo "2102"]
[BlackElo "2244"]
[WhiteTeam "Slovakia"]
[BlackTeam "Netherlands"]
[WhiteFideId "14958562"]
[BlackFideId "1033689"]
[EventDate "2025.10.05"]

1. e4 e6 2. d4 d5 3. e5 c5 4. c3 Nc6 5. Nf3 Bd7 6. Be2 Rc8 7. O-O Nge7 8. dxc5
Ng6 9. b4 Be7 10. Nd4 Ncxe5 11. f4 Nc4 12. Bxc4 dxc4 13. Qf3 Qc7 14. Na3 b6 15.
Nab5 Bxb5 16. Nxb5 Qd7 17. a4 bxc5 18. Rd1 Qc6 19. Qxc6+ Rxc6 20. Nxa7 Ra6 21.
Nc8 cxb4 22. Nxe7 Nxe7 23. cxb4 Nd5 24. b5 Ra8 25. Rd4 c3 26. Ba3 Kd7 27. Bb4
Rhc8 28. a5 Rab8 29. b6 Kc6 30. Rc4+ Kb7 31. a6+ Kxb6 32. a7 Ra8 33. Rxc8 Rxc8
34. Bxc3 Kb7 35. Bxg7 Nxf4 36. g3 Nd5 37. Bd4 Ka8 38. Ra4 Rc2 39. Bf2 Rc1+ 40.
Kg2 Rc7 41. Rg4 Nf6 42. Rb4 Nd7 43. Rg4 Nf6 44. Rg7 e5 45. g4 h6 46. g5 hxg5 47.
Rxg5 Re7 48. Rg7 Ne8 49. Rh7 Nf6 50. Rg7 Ne8 51. Rg8 f5 52. Kf3 Kb7 53. h4 Re6
54. h5 Nc7 55. Rb8+ Kc6 56. Rc8 e4+ 57. Ke2 Re8 58. Rxe8 Kd5 1-0

[Event "25th European Teams Women"]
[Site "Batumi GEO"]
[Date "2025.10.07"]
[Round "3.10"]
[Board "4"]
[White "Duson, Robin"]
[Black "Sevcikova, Lucia"]
[Result "0-1"]
[BlackTitle "WFM"]
[WhiteElo "2188"]
[BlackElo "2116"]
[WhiteTeam "Netherlands"]
[BlackTeam "Slovakia"]
[WhiteFideId "1055038"]
[BlackFideId "14940744"]
[EventDate "2025.10.05"]

1. d4 d5 2. c4 e6 3. Nc3 Nf6 4. cxd5 exd5 5. Bg5 Be6 6. e3 Nbd7 7. Bd3 c6 8. h3
Be7 9. Nf3 O-O 10. O-O Ne8 11. Bf4 g6 12. Rb1 a5 13. Nd2 Ng7 14. f3 Nb6 15. Ne2
Nf5 16. g4 Nd6 17. Bg3 Bh4 18. Kg2 Re8 19. Qe1 Bxg3 20. Nxg3 f5 21. gxf5 Bxf5
22. Bxf5 gxf5 23. Qf2 Qg5 24. f4 Qe7 25. Rbe1 Nbc4 26. Nxc4 Nxc4 27. Kh2 Qf7 28.
Rg1 Kh8 29. b3 Nd6 30. Qc2 Re6 31. Re2 Rh6 32. Ree1 Rg8 33. Qe2 Qf6 34. Qf3 Qh4
35. Ne2 Rg4 36. Nc1 Ne4 37. Re2 Rxg1 38. Kxg1 Rg6+ 39. Kh2 Rg3 40. Qf1 Nf6 41.
Kh1 Rxh3+ 0-1

[Event "25th European Teams Women"]
[Site "Batumi GEO"]
[Date "2025.10.07"]
[Round "3.11"]
[Board "1"]
[White "Atalik, Ekaterina"]
[Black "Narva, Mai"]
[Result "1/2-1/2"]
[WhiteTitle "IM"]
[BlackTitle "IM"]
[WhiteElo "2357"]
[BlackElo "2403"]
[WhiteTeam "Turkiye"]
[BlackTeam "Estonia"]
[WhiteFideId "4130189"]
[BlackFideId "4500512"]
[EventDate "2025.10.05"]

1. d4 Nf6 2. Nf3 e6 3. c4 Bb4+ 4. Bd2 Qe7 5. Nc3 O-O 6. e3 b6 7. Bd3 Bb7 8. Qc2
d5 9. cxd5 exd5 10. a3 Bd6 11. Nb5 Nbd7 12. b4 Ne4 13. O-O Nxd2 14. Nxd2 Nf6 15.
Nxd6 Qxd6 16. b5 c5 17. bxc6 Bxc6 18. Qb2 Rfc8 19. Ba6 Rc7 20. Rfc1 Rb8 21. Qb4
Ne8 22. Qxd6 Nxd6 23. a4 Ne8 24. Kf1 Bd7 25. Rxc7 Nxc7 26. Bd3 Kf8 27. Ke2 Ke7
28. f3 Ne6 29. a5 Kd6 30. axb6 axb6 31. Nb3 g6 32. Kd2 f5 33. Ra7 Nc7 34. Nc1
Ra8 35. Rxa8 Nxa8 36. Kc3 Nc7 37. Kb4 Ne6 38. Ne2 Bc6 39. h4 Ng7 40. Bc2 Bd7 41.
Nf4 Ne6 42. Nd3 Nd8 43. f4 Nc6+ 44. Kc3 Na5 45. Ne5 b5 46. h5 Be8 47. hxg6 hxg6
48. g4 fxg4 49. Nxg4 Nc4 50. e4 dxe4 51. Bxe4 Nb6 52. Ne3 Nd7 53. Ng4 Nb6 54.
Kb4 Nd5+ 55. Bxd5 Kxd5 56. Nf6+ 1/2-1/2

[Event "25th European Teams Women"]
[Site "Batumi GEO"]
[Date "2025.10.07"]
[Round "3.11"]
[Board "2"]
[White "Olde, Margareth"]
[Black "Caglar, Sila"]
[Result "1-0"]
[WhiteTitle "WIM"]
[BlackTitle "WIM"]
[WhiteElo "2187"]
[BlackElo "2304"]
[WhiteTeam "Estonia"]
[BlackTeam "Turkiye"]
[WhiteFideId "4503082"]
[BlackFideId "6364063"]
[EventDate "2025.10.05"]

1. d4 d5 2. Nf3 e6 3. c4 h6 4. e3 Nf6 5. Qc2 Bd6 6. Bd3 O-O 7. O-O b6 8. Nbd2
Bb7 9. e4 dxe4 10. Nxe4 Nbd7 11. Nxd6 cxd6 12. Nd2 Rc8 13. b3 Qc7 14. Ba3 Rfe8
15. Qd1 d5 16. cxd5 Bxd5 17. Nc4 Bxc4 18. bxc4 e5 19. d5 e4 20. Be2 Ne5 21. Rc1
Qd7 22. Qd4 Rcd8 23. d6 Qf5 24. Rc3 h5 25. h3 Ng6 26. Rd1 Nf4 27. Bf1 h4 28. Rb3
Ne6 29. Qe3 Nc5 30. Bxc5 bxc5 31. Rb5 Re5 32. Be2 Rd7 33. Rd2 Qg5 34. Qxg5 Rxg5
35. Bd1 g6 36. Rb8+ Kg7 37. Ba4 e3 38. fxe3 Ne4 39. Bxd7 Nxd2 40. Bc6 Rf5 41.
Bf3 Rxf3 42. gxf3 Nxf3+ 43. Kf2 Ne5 44. Re8 1-0

[Event "25th European Teams Women"]
[Site "Batumi GEO"]
[Date "2025.10.07"]
[Round "3.11"]
[Board "3"]
[White "Tirpan, Ceren"]
[Black "Blokhin, Sofia"]
[Result "1-0"]
[WhiteTitle "WFM"]
[BlackTitle "WFM"]
[WhiteElo "2195"]
[BlackElo "2071"]
[WhiteTeam "Turkiye"]
[BlackTeam "Estonia"]
[WhiteFideId "26385309"]
[BlackFideId "4508190"]
[EventDate "2025.10.05"]

1. c4 c5 2. Nc3 Nf6 3. g3 d5 4. cxd5 Nxd5 5. Bg2 Nc7 6. a3 Nc6 7. b4 e5 8. b5
Nd4 9. Nf3 Bd6 10. e3 Ndxb5 11. Ne4 Ne6 12. Bb2 f6 13. a4 Nbc7 14. d4 exd4 15.
exd4 Be7 16. O-O cxd4 17. Rc1 O-O 18. Qb3 Qd5 19. Qxd5 Nxd5 20. Nxd4 Nxd4 21.
Bxd4 Nb4 22. Bc5 Bxc5 23. Nxc5 Rb8 24. Rfd1 b6 25. Nd7 Bxd7 26. Rxd7 Rbc8 27.
Rxc8 Rxc8 28. Rxa7 Nd3 29. Bd5+ Kh8 30. h4 Nc5 31. h5 Rd8 32. Kg2 h6 33. Bc6 Rc8
34. Bb5 Rd8 35. Rc7 Ra8 36. a5 Ne6 37. Rc6 Rxa5 38. Rc8+ Kh7 39. Bd3+ f5 40. Bc4
Re5 41. f4 Re4 42. Bd5 Re2+ 43. Kf1 Re4 44. Bxe4 fxe4 45. Rc4 Nc5 46. Rb4 e3 47.
Ke2 Nd7 48. Kxe3 Nf6 49. Rb5 Kg8 50. Kf3 Kf7 51. g4 Nd7 52. g5 Ke6 53. Kg4 Kd6
54. Kf5 Kc6 55. Rb1 Nf8 56. gxh6 gxh6 57. Kf6 Kd5 58. Ke7 Ne6 59. Rd1+ Nd4 60.
f5 Ke5 61. Rxd4 1-0

[Event "25th European Teams Women"]
[Site "Batumi GEO"]
[Date "2025.10.07"]
[Round "3.11"]
[Board "4"]
[White "Olde, Grete"]
[Black "Yildiz, Elif Zeren"]
[Result "1-0"]
[WhiteTitle "WCM"]
[BlackTitle "WFM"]
[WhiteElo "1972"]
[BlackElo "2158"]
[WhiteTeam "Estonia"]
[BlackTeam "Turkiye"]
[WhiteFideId "4503104"]
[BlackFideId "34588124"]
[EventDate "2025.10.05"]

1. e4 c5 2. Nf3 d6 3. Bb5+ Nd7 4. a4 Nf6 5. Nc3 g6 6. a5 a6 7. Bc4 Bg7 8. Bxf7+
Kxf7 9. Ng5+ Kg8 10. Ne6 Qe8 11. Nc7 Qd8 12. Nxa8 b5 13. axb6 Bb7 14. Nc7 Nxb6
15. Ne6 Qd7 16. Nxg7 Kxg7 17. d3 d5 18. e5 Ng4 19. d4 cxd4 20. Qxd4 Qe6 21. O-O
h5 22. h3 Nh6 23. Bxh6+ Kxh6 24. Na4 Nd7 25. Nc5 Nxc5 26. Qxc5 Rc8 27. Qe3+ Kg7
28. c3 Rc4 29. f3 Qc8 30. Rad1 e6 31. Rd4 Rc7 32. Qg5 Rf7 33. Rf4 Qc5+ 34. Kh2
Qf8 35. Rxf7+ Qxf7 36. Rd1 Bc6 37. Rd4 Qf5 38. Qxf5 gxf5 39. Rb4 Kf7 40. Rb6 Bb5
41. Rb7+ Kf8 42. Kg3 Bf1 43. f4 Ke8 44. Ra7 Kd8 45. Kh4 Bxg2 46. Rxa6 Kd7 47.
Ra7+ Kd8 48. b4 1-0

[Event "25th European Teams Women"]
[Site "Batumi GEO"]
[Date "2025.10.07"]
[Round "3.12"]
[Board "1"]
[White "Bulmaga, Irina"]
[Black "De Rycke, Tyani"]
[Result "1/2-1/2"]
[WhiteTitle "IM"]
[BlackTitle "WFM"]
[WhiteElo "2396"]
[BlackElo "2114"]
[WhiteTeam "Romania"]
[BlackTeam "Belgium"]
[WhiteFideId "13903063"]
[BlackFideId "247936"]
[EventDate "2025.10.05"]

1. d4 Nf6 2. Nf3 g6 3. g3 Bg7 4. Bg2 O-O 5. c4 d6 6. Nc3 Nbd7 7. O-O e5 8. e4 c6
9. h3 exd4 10. Nxd4 Nc5 11. Be3 a5 12. Re1 Re8 13. f3 Qc7 14. Bf2 Nfd7 15. f4 a4
16. Qc2 Nb6 17. Rad1 Ne6 18. Nce2 Nc5 19. g4 Na6 20. b3 axb3 21. axb3 Nd7 22.
Rb1 Nb4 23. Qd2 Qa5 24. Nc2 Nxc2 25. Qxc2 Qa2 26. Qd1 Qa3 27. b4 Nf6 28. Ng3 Be6
29. g5 Nd7 30. Bf1 b5 31. cxb5 cxb5 32. Bxb5 Rab8 33. Re3 Qa8 34. Bf1 Ba2 35.
Rc1 Rxb4 36. Qxd6 Rd4 37. Qc7 Nf8 38. Qc6 Qxc6 39. Rxc6 Rd1 40. Ra3 Bb1 41. e5
h6 42. gxh6 Bxh6 43. Be3 Ne6 44. Rc4 Red8 45. Kf2 Nd4 46. Rac3 Nf5 47. Nxf5 Bxf5
48. Rc7 Be6 49. h4 R1d7 50. Rxd7 Rxd7 51. Bd3 Rb7 52. Kf3 Rb4 53. Be4 Rb3 54.
Rc1 Bf8 55. h5 gxh5 56. f5 Rxe3+ 57. Kxe3 Bh6+ 58. Kf3 Bxc1 59. fxe6 fxe6 60.
Bg6 h4 61. Kg4 Bb2 62. Kxh4 Bxe5 1/2-1/2

[Event "25th European Teams Women"]
[Site "Batumi GEO"]
[Date "2025.10.07"]
[Round "3.12"]
[Board "2"]
[White "Vanduyfhuys, Daria"]
[Black "Cosma, Elena-Luminita"]
[Result "1/2-1/2"]
[WhiteTitle "WFM"]
[BlackTitle "WGM"]
[WhiteElo "2094"]
[BlackElo "2237"]
[WhiteTeam "Belgium"]
[BlackTeam "Romania"]
[WhiteFideId "246336"]
[BlackFideId "1201590"]
[EventDate "2025.10.05"]

1. d4 d5 2. c4 e6 3. Nf3 Nf6 4. Nc3 Be7 5. Bg5 h6 6. Bh4 O-O 7. e3 Ne4 8. Bxe7
Qxe7 9. Bd3 Nxc3 10. bxc3 dxc4 11. Bxc4 c5 12. O-O Nc6 13. Ne5 cxd4 14. Nxc6
bxc6 15. cxd4 c5 16. Rb1 cxd4 17. Qxd4 a5 18. Rfd1 Ba6 19. Bxa6 Rxa6 20. h3 Ra7
21. a4 Rb7 22. Qe5 Qc7 23. Qxc7 Rxc7 24. Rdc1 Rd7 25. Rb5 Ra8 26. Rcc5 Rd1+ 27.
Kh2 Ra1 28. Rc4 Ra7 29. h4 g6 30. g4 Kg7 31. g5 hxg5 32. hxg5 Rd1 33. Rc8 f6 34.
Rcc5 fxg5 35. Rxa5 Rf7 36. Rc2 Ra1 37. Kg2 Ra3 38. Ra6 Rf6 39. Rc7+ Rf7 40.
Rxf7+ Kxf7 41. Ra8 g4 42. Kg3 Ra2 43. a5 Ra4 44. a6 g5 45. a7 Kg7 46. e4 e5 47.
Kxg4 Rxe4+ 48. Kxg5 Ra4 49. f3 Ra3 50. Kh4 Ra4+ 51. Kg3 Ra2 52. Kg4 Ra3 53. Kg5
Kh7 54. Re8 Rxa7 55. Rxe5 Kg7 56. Re6 Ra5+ 57. Kg4 Kf7 58. Rb6 Rc5 59. Rb7+ Kf6
60. Rb8 Kf7 61. Rb4 Kf6 62. Rf4+ Kg6 63. Rf8 Rc4+ 64. f4 Rc5 65. Rg8+ Kf7 66.
Rh8 Ra5 67. Rh6 Rb5 68. Rh3 Kf6 69. Ra3 Rc5 70. Ra6+ Kf7 71. Kf3 Rb5 72. Rd6 Ra5
73. Ke4 Ra4+ 74. Ke5 Ra5+ 75. Rd5 Rxd5+ 76. Kxd5 Kf6 77. Kd4 Kf5 78. Ke3 Kf6 79.
Ke4 Ke6 80. f5+ Kf6 81. Kf4 Kf7 82. Kf3 Kf6 83. Kf4 Kf7 84. Kg5 Kg7 85. f6+ Kf7
86. Kf5 Kf8 87. Ke5 Kf7 88. Kf5 Kf8 89. Ke6 Ke8 90. f7+ Kf8 91. Kf6 1/2-1/2

[Event "25th European Teams Women"]
[Site "Batumi GEO"]
[Date "2025.10.07"]
[Round "3.12"]
[Board "3"]
[White "Sandu, Mihaela"]
[Black "Goossens, Hanne"]
[Result "1-0"]
[WhiteTitle "WGM"]
[BlackTitle "WIM"]
[WhiteElo "2203"]
[BlackElo "2091"]
[WhiteTeam "Romania"]
[BlackTeam "Belgium"]
[WhiteFideId "1204327"]
[BlackFideId "200468"]
[EventDate "2025.10.05"]

1. e4 e5 2. Nf3 Nc6 3. Bb5 a6 4. Ba4 Nf6 5. O-O b5 6. Bb3 Bc5 7. d3 d6 8. a4 Rb8
9. axb5 axb5 10. h3 h6 11. Nc3 O-O 12. Nd5 Nxd5 13. Bxd5 Ne7 14. Bb3 Ng6 15. Be3
Bb6 16. c3 Qf6 17. d4 Nf4 18. Kh2 g5 19. Ng1 Bb7 20. d5 Bc8 21. g3 Ng6 22. Bc2
Qe7 23. Qh5 Kg7 24. Bxb6 Rxb6 25. Ra8 Bg4 26. Qxg4 Rxa8 27. Nf3 Qe8 28. h4 f6
29. Ne1 Qc8 30. Qh5 Qd7 31. Ng2 Rbb8 32. Ne3 Ne7 33. Qe2 b4 34. c4 Rg8 35. h5
Rgb8 36. Qd3 Qc8 37. Kg2 Qa6 38. Ng4 Rf8 39. Ne3 Qb6 40. Qb3 Rfb8 41. Bb1 Qa6
42. Qc2 b3 43. Qe2 Qc8 44. Rc1 Ra1 45. Rd1 Qd7 46. Qd3 Kh7 47. Qe2 Rg8 48. Qf3
Kg7 49. Qe2 Rf8 50. Qd3 Rb8 51. Qe2 Qe8 52. Qf3 Qc8 53. c5 Qd7 54. c6 Qe8 55.
Qg4 Qc8 56. Qe2 Rb4 57. Bd3 Rxd1 58. Qxd1 f5 59. exf5 e4 60. Qd2 Nxf5 61. Qxb4
Nxe3+ 62. fxe3 exd3 63. Qc3+ Kf7 64. Qxd3 Qg4 65. e4 Qxh5 66. e5 g4 67. Qh7+ Kf8
68. Qh8+ Ke7 69. Qg7+ Ke8 70. Qd7+ Kf8 71. Qc8+ Kg7 72. Qxc7+ Kg8 73. Qb8+ Kg7
74. Qxb3 Qh3+ 75. Kg1 1-0

[Event "25th European Teams Women"]
[Site "Batumi GEO"]
[Date "2025.10.07"]
[Round "3.12"]
[Board "4"]
[White "Vanhuyse, Nele"]
[Black "Sgircea, Silvia-Raluca"]
[Result "1/2-1/2"]
[WhiteTitle "WFM"]
[BlackTitle "WIM"]
[WhiteElo "2020"]
[BlackElo "2219"]
[WhiteTeam "Belgium"]
[BlackTeam "Romania"]
[WhiteFideId "228818"]
[BlackFideId "1213776"]
[EventDate "2025.10.05"]

1. e4 c5 2. Nf3 Nc6 3. d4 cxd4 4. Nxd4 g6 5. c4 Nf6 6. Nc3 d6 7. Be2 Nxd4 8.
Qxd4 Bg7 9. O-O O-O 10. Qd3 a5 11. Be3 Bd7 12. b3 Bc6 13. Rab1 Nd7 14. f3 Nc5
15. Qd2 Be5 16. Bf2 e6 17. Rbd1 Qe7 18. Nb5 Rfd8 19. Rfe1 b6 20. Bf1 g5 21. Bg3
Rd7 22. Nd4 Bb7 23. Qe3 Qf6 24. Nb5 Rad8 25. Re2 Bc6 26. Nd4 Bb7 27. Nb5 Bc6 28.
Nd4 Bb7 29. Nb5 1/2-1/2

[Event "25th European Teams Women"]
[Site "Batumi GEO"]
[Date "2025.10.07"]
[Round "3.13"]
[Board "1"]
[White "Zaksaite, Salomeja"]
[Black "Efroimski, Marsel"]
[Result "0-1"]
[WhiteTitle "WGM"]
[BlackTitle "IM"]
[WhiteElo "2133"]
[BlackElo "2380"]
[WhiteTeam "Lithuania"]
[BlackTeam "Israel"]
[WhiteFideId "12801496"]
[BlackFideId "2810964"]
[EventDate "2025.10.05"]

1. d4 Nf6 2. Nf3 g6 3. e3 Bg7 4. Be2 O-O 5. c4 c5 6. O-O d5 7. Nc3 cxd4 8. Nxd4
dxc4 9. Bxc4 Nbd7 10. Qe2 e5 11. Nf3 e4 12. Ng5 Qe7 13. f3 exf3 14. gxf3 Ne5 15.
Bb3 h6 16. Nge4 Nxe4 17. Nxe4 Be6 18. Bd2 Bxb3 19. axb3 f5 20. Ng3 Rfe8 21. Ra4
Qf7 22. e4 f4 23. Nh1 Qxb3 24. Rb4 Qc2 25. Qg2 b6 26. Bc3 Qxg2+ 27. Kxg2 Nd3 28.
Rb3 Nc5 29. Ra3 Bxc3 30. Rxc3 a5 31. Nf2 Rad8 32. Rc2 Rd4 33. h4 Red8 34. Nh3
Ne6 35. Rc6 R4d6 36. Rfc1 Kf7 37. Rxd6 Rxd6 38. Rc2 Rd3 39. Nf2 Rb3 40. Ng4 h5
41. Ne5+ Kf6 42. Nd7+ Ke7 43. Ne5 a4 44. Rd2 Kf6 45. Nd7+ Kg7 46. Ne5 Nc5 47.
Nd7 Nxd7 48. Rxd7+ Kf6 49. Rd2 b5 50. Kf2 b4 51. Ke2 Ke6 52. Rc2 Kd6 53. Rd2+
Kc5 54. Rc2+ Kb5 55. Rd2 Re3+ 56. Kf2 Kc4 57. Rd6 Rb3 58. e5 Rxb2+ 59. Ke1 Rb3
60. Kd2 Rxf3 61. e6 Re3 0-1

[Event "25th European Teams Women"]
[Site "Batumi GEO"]
[Date "2025.10.07"]
[Round "3.13"]
[Board "2"]
[White "Klinova, Masha"]
[Black "Baginskaite, Kamile"]
[Result "1/2-1/2"]
[WhiteTitle "IM"]
[BlackTitle "WGM"]
[WhiteElo "2235"]
[BlackElo "2158"]
[WhiteTeam "Israel"]
[BlackTeam "Lithuania"]
[WhiteFideId "2802015"]
[BlackFideId "2014599"]
[EventDate "2025.10.05"]

1. e4 c5 2. Nf3 d6 3. Bb5+ Nd7 4. O-O a6 5. Bxd7+ Bxd7 6. d4 cxd4 7. Qxd4 Rc8 8.
a4 e5 9. Qd3 Qc7 10. Nc3 Be6 11. Rd1 Qc4 12. Qxc4 Rxc4 13. Be3 Nf6 14. Nd2 Rc6
15. Nf1 h6 16. f3 Be7 17. Bf2 Bd8 18. a5 b6 19. axb6 Bxb6 20. Bxb6 Rxb6 21. Ne3
Ke7 22. b3 Rc8 23. Na4 Rb5 24. Ra3 Rc6 25. c4 Rb7 26. Kf2 Nd7 27. Nc3 Nf6 28.
Na4 Nd7 29. Nc3 Nf6 30. Na4 Nd7 1/2-1/2

[Event "25th European Teams Women"]
[Site "Batumi GEO"]
[Date "2025.10.07"]
[Round "3.13"]
[Board "3"]
[White "Limontaite, Simona"]
[Black "Orian, Noga"]
[Result "0-1"]
[WhiteTitle "WIM"]
[BlackTitle "WIM"]
[WhiteElo "2151"]
[BlackElo "2235"]
[WhiteTeam "Lithuania"]
[BlackTeam "Israel"]
[WhiteFideId "12802506"]
[BlackFideId "2836475"]
[EventDate "2025.10.05"]

1. Nf3 d5 2. d4 Nf6 3. c4 dxc4 4. e3 e6 5. Bxc4 a6 6. O-O c5 7. Qe2 b5 8. Bb3
Bb7 9. Nc3 Nbd7 10. Rd1 c4 11. Bc2 b4 12. Nb1 Qc7 13. e4 Be7 14. Bg5 Rc8 15.
Nbd2 h6 16. Bh4 c3 17. bxc3 Qxc3 18. Ba4 Qa3 19. Bb3 g5 20. Bg3 O-O 21. Nc4 Rxc4
22. Qxc4 Rc8 23. Qe2 Nxe4 24. Re1 Ndf6 25. Ne5 Nc3 26. Qd3 Be4 27. Qd2 Bd5 28.
Bxd5 Ncxd5 29. Nd3 Rc3 30. Rad1 a5 31. Be5 a4 32. h4 Nh5 33. Qe2 Ng7 34. hxg5
hxg5 35. Bxg7 Kxg7 36. Qe4 Qxa2 37. Ne5 f5 38. Qb1 Qxb1 39. Rxb1 a3 40. Nf3 b3
41. Rxe6 a2 42. Rf1 b2 43. Ree1 Ba3 0-1

[Event "25th European Teams Women"]
[Site "Batumi GEO"]
[Date "2025.10.07"]
[Round "3.13"]
[Board "4"]
[White "Kochavi, Dana"]
[Black "Simkunaite, Gabija"]
[Result "1/2-1/2"]
[WhiteTitle "FM"]
[BlackTitle "WFM"]
[WhiteElo "2168"]
[BlackElo "2009"]
[WhiteTeam "Israel"]
[BlackTeam "Lithuania"]
[WhiteFideId "2837137"]
[BlackFideId "12808253"]
[EventDate "2025.10.05"]

1. e4 e5 2. Nf3 Nf6 3. d4 Nxe4 4. Bd3 d5 5. Nxe5 Bd6 6. O-O O-O 7. c4 Bxe5 8.
dxe5 Nc6 9. cxd5 Qxd5 10. Qf3 f5 11. exf6 Nxf6 12. Nd2 Ne5 13. Qxd5+ Nxd5 14.
Be4 Nf4 15. Nb3 Ne2+ 16. Kh1 Nxc1 17. Raxc1 c6 18. Na5 Rb8 19. Kg1 Bf5 20. Rfe1
Bxe4 21. Rxe4 Nd3 22. Rc2 Rbe8 23. Rxe8 Rxe8 24. h3 Re7 25. Rd2 Ne5 26. f4 b6
27. fxe5 bxa5 28. Rd6 Rxe5 29. Rxc6 Re2 30. Rc8+ Kf7 31. Rc7+ Kg6 32. Rxa7 Rxb2
33. Rxa5 h5 34. h4 Rb4 1/2-1/2

[Event "25th European Teams Women"]
[Site "Batumi GEO"]
[Date "2025.10.07"]
[Round "3.14"]
[Board "1"]
[White "Badelka, Olga"]
[Black "Ptacnikova, Lenka"]
[Result "1-0"]
[WhiteTitle "IM"]
[BlackTitle "WGM"]
[WhiteElo "2377"]
[BlackElo "2167"]
[WhiteTeam "Austria"]
[BlackTeam "Iceland"]
[WhiteFideId "13509926"]
[BlackFideId "305650"]
[EventDate "2025.10.05"]

1. c4 e5 2. Nc3 Bb4 3. Nd5 Bc5 4. e3 c6 5. Nc3 Bb4 6. d4 exd4 7. exd4 Nf6 8. Bd3
O-O 9. a3 Re8+ 10. Ne2 Bf8 11. Bg5 h6 12. Bh4 g5 13. Bg3 d5 14. cxd5 Nxd5 15. h4
g4 16. O-O Nxc3 17. bxc3 Nd7 18. Bc2 Bg7 19. Qd3 Nf8 20. Nf4 Bf6 21. Rae1 Bd7
22. Rxe8 Qxe8 23. Nh5 Bg7 24. f3 Qe7 25. Nxg7 Kxg7 26. fxg4 Bxg4 27. Be5+ Kg8
28. Rf6 h5 29. Rh6 f6 30. Bxf6 Qxa3 31. Qe3 Kf7 32. Bb3+ Be6 33. Rh7+ Ke8 34.
Rxb7 Qd6 35. Bd1 1-0

[Event "25th European Teams Women"]
[Site "Batumi GEO"]
[Date "2025.10.07"]
[Round "3.14"]
[Board "2"]
[White "Thorsteinsdottir, Hallgerdur"]
[Black "Schloffer, Jasmin-Denise"]
[Result "1-0"]
[WhiteTitle "WFM"]
[BlackTitle "WIM"]
[WhiteElo "2031"]
[BlackElo "2186"]
[WhiteTeam "Iceland"]
[BlackTeam "Austria"]
[WhiteFideId "2302454"]
[BlackFideId "1631209"]
[EventDate "2025.10.05"]

1. e4 e5 2. Nf3 Nc6 3. Bc4 Nf6 4. d3 Be7 5. c3 O-O 6. a4 d5 7. exd5 Nxd5 8. O-O
Bg4 9. a5 Nf6 10. Bg5 a6 11. Nbd2 Nd7 12. Bxe7 Qxe7 13. Re1 Qf6 14. Ne4 Qg6 15.
Re3 Kh8 16. h3 Bxf3 17. Rxf3 f5 18. Rg3 Qh6 19. Ng5 Nd8 20. h4 Qd6 21. b4 Nf6
22. Qf3 g6 23. Re1 Nh5 24. Rh3 h6 25. g4 fxg4 26. Qxg4 hxg5 27. hxg5 Kg7 28. Re4
Nc6 29. d4 exd4 30. Re6 Rf4 31. Qe2 Qd8 32. Rxg6+ Kxg6 33. Qxh5+ Kf5 34. Qf7+
Ke4 35. Qe6+ 1-0

[Event "25th European Teams Women"]
[Site "Batumi GEO"]
[Date "2025.10.07"]
[Round "3.14"]
[Board "3"]
[White "Deak-Sala, Emilia"]
[Black "Briem, Gudrun Fanney"]
[Result "1/2-1/2"]
[WhiteTitle "WFM"]
[BlackTitle "WCM"]
[WhiteElo "2170"]
[BlackElo "1981"]
[WhiteTeam "Austria"]
[BlackTeam "Iceland"]
[WhiteFideId "795615"]
[BlackFideId "2317486"]
[EventDate "2025.10.05"]

1. Nf3 d5 2. g3 Nf6 3. Bg2 Bf5 4. d3 e6 5. O-O Be7 6. Nc3 h6 7. Nd2 O-O 8. e4
Bh7 9. f4 c6 10. Qe2 b5 11. a3 Qb6+ 12. Kh1 d4 13. Nd1 a5 14. g4 Nfd7 15. Nf3 c5
16. Nf2 Nc6 17. g5 hxg5 18. fxg5 Nce5 19. Nxe5 Nxe5 20. Ng4 Nxg4 21. Qxg4 e5 22.
Rf3 Qe6 23. Qg3 Bg6 24. Bd2 Bh5 25. Rf5 Bd6 26. Raf1 Ra6 27. Qh4 g6 28. Rf6 Qg4
29. Qf2 Qe2 30. Rxf7 Qxf1+ 31. Qxf1 Rxf7 32. Qe1 Bc7 33. Bh3 Kg7 34. Kg1 Kf8 35.
Qh4 Ke7 36. Bg4 Rh7 37. Bxh5 Rxh5 38. Qg4 Re6 39. a4 b4 40. Qd1 Rc6 41. Qg4 Rh8
42. h4 Bb6 43. Be1 Re6 44. Bg3 c4 45. Kg2 b3 46. Qe2 c3 47. cxb3 Rc8 48. Qc2
Rec6 49. bxc3 Rxc3 50. Qd1 Rc1 51. Qf3 Rf8 52. Qe2 Rfc8 53. Qf3 Rf8 54. Qe2 Rfc8
55. Kh3 1/2-1/2

[Event "25th European Teams Women"]
[Site "Batumi GEO"]
[Date "2025.10.07"]
[Round "3.14"]
[Board "4"]
[White "Helgadottir, Idunn"]
[Black "Froewis, Annika"]
[Result "0-1"]
[WhiteTitle "WCM"]
[BlackTitle "WFM"]
[WhiteElo "1874"]
[BlackElo "2066"]
[WhiteTeam "Iceland"]
[BlackTeam "Austria"]
[WhiteFideId "2314118"]
[BlackFideId "1621432"]
[EventDate "2025.10.05"]

1. e4 e5 2. Nf3 Nc6 3. Bc4 Nf6 4. d3 Be7 5. O-O O-O 6. c3 d5 7. exd5 Nxd5 8. Re1
Bg4 9. Nbd2 a6 10. h3 Bxf3 11. Nxf3 Nb6 12. Bb3 Qd6 13. Nxe5 Nxe5 14. Bf4 Bf6
15. d4 Nbd7 16. dxe5 Nxe5 17. Qh5 Rae8 18. Rad1 Qc5 19. Be3 Qc6 20. Bd5 Qb5 21.
a4 Qxb2 22. Rb1 Qxc3 23. Rec1 Qd3 24. Bxb7 g6 25. Qh6 Rd8 26. Qf4 Bg7 27. Qb4
Rfe8 28. Rxc7 Qe2 29. Re1 Rd1 30. Rxd1 Qxd1+ 31. Kh2 Nd3 32. Rd7 Be5+ 33. Bf4
Nxb4 34. Rxd1 Bxf4+ 0-1